[Event "9th RTU Open 2019"]
[Site "Riga"]
[Date "2019.08.11"]
[Round "9.23"]
[White "Kulaots, Kaido"]
[Black "Nesteretz, Anatoliy"]
[Result "1-0"]
[WhiteElo "2560"]
[BlackElo "2387"]
[Annotator "ChessBase"]
[PlyCount "57"]
[EventDate "2019.08.05"]
[EventType "swiss"]
[EventCountry "LAT"]
[SourceTitle "playchess.com"]
[Source "ChessBase"]
[SourceQuality "1"]
[TimeControl "5400+30"]

1. e4 {[%emt 0:00:00]} e6 {[%emt 0:00:00]} 2. d4 {[%emt 0:00:00]} d5 {[%emt 0:00:00]} 3. Nc3 {[%emt 0:00:01]} Nf6 {[%emt 0:00:11]} 4. e5 {[%emt 0:02:24]} Nfd7 {[%emt 0:00:09]} 5. f4 {[%emt 0:00:08]} c5 {[%emt 0:00:34]} 6. Nf3 {[%emt 0:00:09]} Nc6 {[%emt 0:00:39]} 7. Be3 {[%emt 0:00:15]} a6 {[%emt 0:01:07]} 8. Qd2 {[%emt 0:04:44]} b5 {[%emt 0:01:39]} 9. dxc5 {[%emt 0:00:31]} Bxc5 {[%emt 0:00:51]} 10. Bd3 {[%emt 0:01:44]} Qb6 {[%emt 0:18:38]} 11. Bf2 {[%emt 0:01:07]} b4 {[%emt 0:04:30]} 12. Na4 {[%emt 0:03:01]} Bxf2+ {[%emt 0:00:54]} 13. Qxf2 {[%emt 0:00:06]} Qxf2+ {[%emt 0:00:23]} 14. Kxf2 {[%emt 0:00:05]} a5 {[%emt 0:05:02]} 15. Rac1 {[%emt 0:06:13]} Ba6 {[%emt 0:03:14]} 16. Bxa6 {[%emt 0:01:42]} Rxa6 {[%emt 0:00:07]} 17. c4 {[%emt 0:00:17]} bxc3 {[%emt 0:08:28]} 18. Rxc3 {[%emt 0:01:21]} O-O {[%emt 0:05:28]} 19. a3 {[%emt 0:11:42]} f6 {[%emt 0:03:00]} 20. Rhc1 {[%emt 0:02:00]} Ncb8 {[%emt 0:01:24]} 21. Rc8 {[%emt 0:15:35]} fxe5 {[%emt 0:03:50]} 22. fxe5 {[%emt 0:01:47]} Kf7 {[%emt 0:11:37]} 23. R8c7 {[%emt 0:03:32]} Kg6 {[%emt 0:01:48]} 24. Ke3 {[%emt 0:01:36]} Kf5 {[%emt 0:06:40]} 25. Nc5 {[%emt 0:06:39]} Nxc5 {[%emt 0:00:18]} 26. Rxg7 {[%emt 0:02:15]} d4+ {[%emt 0:00:15]} 27. Nxd4+ {[%emt 0:00:15]} Kxe5 {[%emt 0:00:12]} 28. Rxc5+ {[%emt 0:00:15]} Kd6 {[%emt 0:00:07]} 29. b4 {[%emt 0:02:50] Kd5 Ke4+} 1-0

[Event "9th RTU Open 2019"]
[Site "Riga"]
[Date "2019.08.11"]
[Round "9.24"]
[White "Laurusas, Tomas"]
[Black "Sinz, Bernhard"]
[Result "1-0"]
[WhiteElo "2511"]
[BlackElo "2343"]
[Annotator "ChessBase"]
[PlyCount "107"]
[EventDate "2019.08.05"]
[EventType "swiss"]
[EventCountry "LAT"]
[SourceTitle "playchess.com"]
[Source "ChessBase"]
[SourceQuality "1"]
[TimeControl "5400+30"]

1. c4 {[%emt 0:00:42]} e5 {[%emt 0:00:00]} 2. Nc3 {[%emt 0:00:05]} Nc6 {[%emt 0:00:00]} 3. Nf3 {[%emt 0:01:03]} f5 {[%emt 0:00:58]} 4. d4 {[%emt 0:00:04]} e4 {[%emt 0:00:19]} 5. Ng5 {[%emt 0:00:04]} Bb4 {[%emt 0:11:47]} 6. Nh3 {[%emt 0:18:58]} Nf6 {[%emt 0:04:26]} 7. Qd2 {[%emt 0:05:44]} O-O {[%emt 0:08:19]} 8. a3 {[%emt 0:03:39]} Be7 {[%emt 0:01:31]} 9. b4 {[%emt 0:00:45]} a5 {[%emt 0:12:47]} 10. b5 {[%emt 0:00:41]} Nb8 {[%emt 0:00:12]} 11. Nf4 {[%emt 0:01:17]} Qe8 {[%emt 0:09:20]} 12. Bb2 {[%emt 0:04:56]} d6 {[%emt 0:06:52]} 13. e3 {[%emt 0:02:21]} Nh5 {[%emt 0:05:55]} 14. Nxh5 {[%emt 0:10:54]} Qxh5 {[%emt 0:00:10]} 15. Be2 {[%emt 0:00:05]} Qf7 {[%emt 0:02:57]} 16. O-O {[%emt 0:05:27]} c6 {[%emt 0:04:20]} 17. f3 {[%emt 0:01:15]} exf3 {[%emt 0:01:38]} 18. Rxf3 {[%emt 0:00:15]} Bg5 {[%emt 0:01:42]} 19. Raf1 {[%emt 0:08:03]} Qe7 {[%emt 0:02:07]} 20. Bd3 {[%emt 0:06:27]} Nd7 {[%emt 0:00:36]} 21. Bc1 {[%emt 0:00:52]} g6 {[%emt 0:02:15]} 22. Qc2 {[%emt 0:01:52]} Bf6 {[%emt 0:02:50]} 23. Kh1 {[%emt 0:06:23]} Bg7 {[%emt 0:04:34]} 24. e4 {[%emt 0:05:24]} fxe4 {[%emt 0:00:14]} 25. Rxf8+ {[%emt 0:02:07]} Nxf8 {[%emt 0:00:32]} 26. Nxe4 {[%emt 0:00:05]} Bf5 {[%emt 0:03:56]} 27. Bg5 {[%emt 0:00:30]} Qe6 {[%emt 0:00:47]} 28. d5 {[%emt 0:01:26]} cxd5 {[%emt 0:01:00]} 29. cxd5 {[%emt 0:00:02]} Qc8 {[%emt 0:00:57]} 30. Qe2 {[%emt 0:05:15]} Bxe4 {[%emt 0:00:30]} 31. Qxe4 {[%emt 0:00:06]} Qd7 {[%emt 0:00:22]} 32. b6 {[%emt 0:00:57]} Re8 {[%emt 0:00:42]} 33. Qf3 {[%emt 0:00:23]} Rc8 {[%emt 0:01:05]} 34. Bd2 {[%emt 0:02:38]} a4 {[%emt 0:00:49]} 35. h3 {[%emt 0:00:33]} Be5 {[%emt 0:02:44]} 36. Bh6 {[%emt 0:01:33]} Bg7 {[%emt 0:00:03]} 37. Bb5 {[%emt 0:00:15]} Qe7 {[%emt 0:01:18]} 38. Bd2 {[%emt 0:00:02]} Nd7 {[%emt 0:00:55]} 39. Re1 {[%emt 0:01:22]} Ne5 {[%emt 0:00:27]} 40. Qe4 {[%emt 0:00:45]} Qd8 {[%emt 0:01:37]} 41. Rb1 {[%emt 0:00:02]} Qf8 {[%emt 0:03:34]} 42. Qxa4 {[%emt 0:02:16]} Ra8 {[%emt 0:02:15]} 43. Qb3 {[%emt 0:00:29]} Qf2 {[%emt 0:00:17]} 44. Be3 {[%emt 0:00:08]} Qg3 {[%emt 0:00:20]} 45. Bg1 {[%emt 0:00:34]} Rxa3 {[%emt 0:00:43]} 46. Qxg3 {[%emt 0:00:06]} Rxg3 {[%emt 0:00:05]} 47. Bc6 {[%emt 0:00:15]} Nc4 {[%emt 0:01:43]} 48. Bxb7 {[%emt 0:00:31]} Nd2 {[%emt 0:00:42]} 49. Rd1 {[%emt 0:01:16]} Ne4 {[%emt 0:00:03]} 50. Re1 {[%emt 0:01:04]} Nc5 {[%emt 0:01:05]} 51. Bxc5 {[%emt 0:00:55]} dxc5 {[%emt 0:00:02]} 52. d6 {[%emt 0:00:35]} Rd3 {[%emt 0:00:03]} 53. Bd5+ {[%emt 0:00:12]} Rxd5 {[%emt 0:00:14]} 54. b7 {[%emt 0:00:05]} 1-0

[Event "9th RTU Open 2019"]
[Site "Riga"]
[Date "2019.08.11"]
[Round "9.26"]
[White "Hedman, Erik"]
[Black "Bulmaga, Irina"]
[Result "0-1"]
[WhiteElo "2373"]
[BlackElo "2435"]
[Annotator "NA"]
[PlyCount "52"]
[EventDate "2019.08.05"]
[EventType "swiss"]
[EventCountry "LAT"]
[SourceTitle "playchess.com"]
[Source "ChessBase"]
[SourceQuality "1"]
[TimeControl "5400+30"]

1. d4 {[%emt 0:00:00]} Nf6 {[%emt 0:00:00]} 2. c4 {[%emt 0:00:00]} e6 {[%emt 0:00:00]} 3. Nf3 {[%emt 0:00:00]} d5 {[%emt 0:00:00]} 4. g3 {[%emt 0:00:00]} Bb4+ {[%emt 0:00:08]} 5. Bd2 {[%emt 0:00:12]} Be7 {[%emt 0:00:13]} 6. Bg2 {[%emt 0:00:07]} O-O {[%emt 0:00:15]} 7. O-O {[%emt 0:00:24]} c6 {[%emt 0:00:20]} 8. Qc2 {[%emt 0:00:06]} a5 {[%emt 0:00:25]} 9. Bf4 {[%emt 0:05:37]} Nbd7 {[%emt 0:00:14]} 10. Rd1 {[%emt 0:03:19]} Nh5 {[%emt 0:00:15]} 11. Bc1 {[%emt 0:01:37]} b5 {[%emt 0:00:11]} 12. Ne5 {[%emt 0:01:23]} Bb7 {[%emt 0:04:16]} 13. cxb5 {[%emt 0:03:19]} cxb5 {[%emt 0:00:23]} 14. Nc6 {[%emt 0:00:04]} Bxc6 {[%emt 0:11:55]} 15. Qxc6 {[%emt 0:00:06]} Rb8 {[%emt 0:07:27]} 16. e4 {[%emt 0:09:32]} dxe4 {[%emt 0:05:21]} 17. Nc3 {[%emt 0:04:08]} Nhf6 {[%emt 0:07:33]} 18. Nxe4 {[%emt 0:10:19]} Nxe4 {[%emt 0:03:58]} 19. Bxe4 {[%emt 0:06:36]} Nf6 {[%emt 0:03:32]} 20. Bf4 {[%emt 0:05:33]} Rc8 {[%emt 0:03:19]} 21. Qb7 {[%emt 0:01:14]} g5 {[%emt 0:12:12]} 22. Bd2 {[%emt 0:08:48]} Rc7 {[%emt 0:02:14]} 23. Qxb5 {[%emt 0:00:18]} Nxe4 {[%emt 0:00:43]} 24. Bxa5 {[%emt 0:00:06]} Qd7 {[%emt 0:00:54]} 25. Qe5 {[%emt 0:00:08]} Ra7 {[%emt 0:00:56]} 26. b4 {[%emt 0:01:43]} Nc3 {[%emt 0:02:22]} 0-1

[Event "9th RTU Open 2019"]
[Site "Riga"]
[Date "2019.08.11"]
[Round "9.27"]
[White "Suleymenov, Alisher"]
[Black "Grinev, Valeriy"]
[Result "1/2-1/2"]
[WhiteElo "2376"]
[BlackElo "2437"]
[Annotator "NA"]
[PlyCount "48"]
[EventDate "2019.08.05"]
[EventType "swiss"]
[EventCountry "LAT"]
[SourceTitle "playchess.com"]
[Source "ChessBase"]
[SourceQuality "1"]
[TimeControl "5400+30"]

1. d4 {[%emt 0:03:44]} Nf6 {[%emt 0:00:00]} 2. c4 {[%emt 0:00:03]} c5 {[%emt 0:00:00]} 3. d5 {[%emt 0:00:32]} e6 {[%emt 0:00:07]} 4. Nf3 {[%emt 0:00:50]} exd5 {[%emt 0:00:10]} 5. cxd5 {[%emt 0:00:04]} g6 {[%emt 0:00:11]} 6. Nc3 {[%emt 0:00:20]} d6 {[%emt 0:00:08]} 7. Bf4 {[%emt 0:05:47]} Bg7 {[%emt 0:00:40]} 8. Qa4+ {[%emt 0:00:04]} Bd7 {[%emt 0:00:09]} 9. Qb3 {[%emt 0:00:02]} b5 {[%emt 0:00:09]} 10. Bxd6 {[%emt 0:00:04]} Qb6 {[%emt 0:00:15]} 11. Be5 {[%emt 0:02:19]} O-O {[%emt 0:00:15]} 12. e3 {[%emt 0:02:07]} c4 {[%emt 0:00:09]} 13. Qd1 {[%emt 0:03:54]} b4 {[%emt 0:00:08]} 14. Nb1 {[%emt 0:31:53]} Rc8 {[%emt 0:00:16]} 15. Be2 {[%emt 0:00:17]} Bb5 {[%emt 0:01:36]} 16. O-O {[%emt 0:06:08]} Nbd7 {[%emt 0:00:58]} 17. Bd4 {[%emt 0:00:36]} Qd6 {[%emt 0:05:42]} 18. Nbd2 {[%emt 0:02:01]} Qxd5 {[%emt 0:00:54]} 19. a4 {[%emt 0:01:38]} bxa3 {[%emt 0:07:17]} 20. Rxa3 {[%emt 0:00:02]} a6 {[%emt 0:04:25]} 21. Rc3 {[%emt 0:04:24]} Qe6 {[%emt 0:18:57]} 22. Qa1 {[%emt 0:06:14]} Rab8 {[%emt 0:05:47]} 23. Re1 {[%emt 0:10:47]} Nb6 {[%emt 0:27:02]} 24. Bf1 {[%emt 0:03:42]} Rb7 {[%emt 0:04:18]} 1/2-1/2

[Event "9th RTU Open 2019"]
[Site "Riga"]
[Date "2019.08.11"]
[Round "9.28"]
[White "Saveliev, Alexei"]
[Black "Ostrovskiy, Aleksandr"]
[Result "1-0"]
[WhiteElo "2355"]
[BlackElo "2453"]
[Annotator "ChessBase"]
[PlyCount "97"]
[EventDate "2019.08.05"]
[EventType "swiss"]
[EventCountry "LAT"]
[SourceTitle "playchess.com"]
[Source "ChessBase"]
[SourceQuality "1"]
[TimeControl "5400+30"]

1. e4 {[%emt 0:00:00]} c6 {[%emt 0:05:35]} 2. d4 {[%emt 0:00:00]} d5 {[%emt 0:00:25]} 3. exd5 {[%emt 0:00:00]} cxd5 {[%emt 0:00:05]} 4. Bd3 {[%emt 0:00:00]} Nc6 {[%emt 0:00:40]} 5. c3 {[%emt 0:00:48]} Qc7 {[%emt 0:00:39]} 6. Nd2 {[%emt 0:00:10]} Nf6 {[%emt 0:02:53]} 7. h3 {[%emt 0:01:52]} g6 {[%emt 0:05:00]} 8. Ngf3 {[%emt 0:00:50]} Bf5 {[%emt 0:00:22]} 9. Nb3 {[%emt 0:00:05]} Bxd3 {[%emt 0:02:42]} 10. Qxd3 {[%emt 0:00:02]} Bg7 {[%emt 0:03:49]} 11. O-O {[%emt 0:00:13]} O-O {[%emt 0:00:05]} 12. Re1 {[%emt 0:00:05]} Rfe8 {[%emt 0:00:46]} 13. Be3 {[%emt 0:03:41]} e6 {[%emt 0:00:31]} 14. Rad1 {[%emt 0:01:59]} Nd7 {[%emt 0:01:51]} 15. Qd2 {[%emt 0:02:43]} b5 {[%emt 0:00:40]} 16. Bf4 {[%emt 0:11:28]} Qb6 {[%emt 0:00:47]} 17. Bh6 {[%emt 0:09:46]} b4 {[%emt 0:08:29]} 18. Qf4 {[%emt 0:02:26]} bxc3 {[%emt 0:07:39]} 19. bxc3 {[%emt 0:00:32]} Qd8 {[%emt 0:14:51]} 20. Rc1 {[%emt 0:08:39]} Qf6 {[%emt 0:06:54]} 21. Qd2 {[%emt 0:00:11]} Bxh6 {[%emt 0:00:25]} 22. Qxh6 {[%emt 0:00:29]} Rec8 {[%emt 0:01:21]} 23. c4 {[%emt 0:01:40]} dxc4 {[%emt 0:07:41]} 24. Rxc4 {[%emt 0:00:04]} Ne7 {[%emt 0:01:32]} 25. Nc5 {[%emt 0:01:46]} Nb6 {[%emt 0:00:35]} 26. Ne4 {[%emt 0:03:58]} Qg7 {[%emt 0:00:38]} 27. Rxc8+ {[%emt 0:00:03]} Rxc8 {[%emt 0:00:28]} 28. Qd2 {[%emt 0:01:14]} Ned5 {[%emt 0:07:35]} 29. Rc1 {[%emt 0:22:47]} Rxc1+ {[%emt 0:01:54]} 30. Qxc1 {[%emt 0:00:06]} Qf8 {[%emt 0:00:39]} 31. h4 {[%emt 0:02:33]} Qb4 {[%emt 0:02:20]} 32. h5 {[%emt 0:00:37]} Qc4 {[%emt 0:07:51]} 33. Qd2 {[%emt 0:06:55]} Nd7 {[%emt 0:01:04]} 34. h6 {[%emt 0:00:39]} f6 {[%emt 0:01:09]} 35. g3 {[%emt 0:03:26]} Qc6 {[%emt 0:02:12]} 36. Qa5 {[%emt 0:02:28]} N5b6 {[%emt 0:03:47]} 37. Qa3 {[%emt 0:01:00]} Nc8 {[%emt 0:01:14]} 38. Nfd2 {[%emt 0:01:26]} Kf7 {[%emt 0:00:51]} 39. Qb4 {[%emt 0:06:21]} Qd5 {[%emt 0:00:22]} 40. Qc3 {[%emt 0:00:24]} Nd6 {[%emt 0:00:59]} 41. Nxd6+ {[%emt 0:03:21]} Qxd6 {[%emt 0:00:01]} 42. Ne4 {[%emt 0:00:19]} Qd5 {[%emt 0:00:57]} 43. Nc5 {[%emt 0:02:48]} Nb8 {[%emt 0:00:40]} 44. Qa5 {[%emt 0:01:10]} Nc6 {[%emt 0:00:17]} 45. Qc7+ {[%emt 0:00:01]} Ke8 {[%emt 0:00:44]} 46. Qxh7 {[%emt 0:01:14]} Nxd4 {[%emt 0:00:17]} 47. Qxg6+ {[%emt 0:00:22]} Kd8 {[%emt 0:00:41]} 48. Qxf6+ {[%emt 0:00:33]} Kc8 {[%emt 0:00:09]} 49. Qh8+ {[%emt 0:00:29]} 1-0

[Event "9th RTU Open 2019"]
[Site "Riga"]
[Date "2019.08.11"]
[Round "9.29"]
[White "Lagunow, Raphael"]
[Black "Sowray, Peter J"]
[Result "1/2-1/2"]
[WhiteElo "2427"]
[BlackElo "2334"]
[Annotator "NA"]
[PlyCount "35"]
[EventDate "2019.08.05"]
[EventType "swiss"]
[EventCountry "LAT"]
[SourceTitle "playchess.com"]
[Source "ChessBase"]
[SourceQuality "1"]
[TimeControl "5400+30"]

1. Nf3 {[%emt 0:00:00]} d5 {[%emt 0:01:26]} 2. e3 {[%emt 0:00:16]} Nf6 {[%emt 0:00:30]} 3. c4 {[%emt 0:00:07]} e6 {[%emt 0:00:15]} 4. Nc3 {[%emt 0:00:06]} c5 {[%emt 0:01:06]} 5. cxd5 {[%emt 0:00:07]} exd5 {[%emt 0:00:08]} 6. d4 {[%emt 0:00:23]} Nc6 {[%emt 0:01:46]} 7. Bb5 {[%emt 0:03:38]} Bd6 {[%emt 0:01:05]} 8. dxc5 {[%emt 0:13:10]} Bxc5 {[%emt 0:00:18]} 9. Nd4 {[%emt 0:00:13]} Qd6 {[%emt 0:09:00]} 10. O-O {[%emt 0:11:04]} O-O {[%emt 0:04:24]} 11. Nxc6 {[%emt 0:13:37]} bxc6 {[%emt 0:00:57]} 12. Be2 {[%emt 0:00:06]} Bb6 {[%emt 0:05:53]} 13. Bf3 {[%emt 0:01:04]} Bc7 {[%emt 0:01:22]} 14. g3 {[%emt 0:00:08]} Bh3 {[%emt 0:01:16]} 15. Re1 {[%emt 0:02:07]} Rfe8 {[%emt 0:04:08]} 16. b3 {[%emt 0:10:54]} h5 {[%emt 0:07:04]} 17. Qd3 {[%emt 0:08:07]} Ng4 {[%emt 0:04:51]} 18. Bg2 {[%emt 0:05:18]} 1/2-1/2

[Event "9th RTU Open 2019"]
[Site "Riga"]
[Date "2019.08.11"]
[Round "9.30"]
[White "Mammadzada, Gunay"]
[Black "Chukavin, Kirill"]
[Result "0-1"]
[WhiteElo "2427"]
[BlackElo "2300"]
[Annotator "ChessBase"]
[PlyCount "224"]
[EventDate "2019.08.05"]
[EventType "swiss"]
[EventCountry "LAT"]
[SourceTitle "playchess.com"]
[Source "ChessBase"]
[SourceQuality "1"]
[TimeControl "5400+30"]

1. e4 {[%emt 0:00:00]} c5 {[%emt 0:00:00]} 2. Nf3 {[%emt 0:00:00]} Nc6 {[%emt 0:00:00]} 3. d4 {[%emt 0:00:00]} cxd4 {[%emt 0:00:00]} 4. Nxd4 {[%emt 0:00:00]} Nf6 {[%emt 0:00:00]} 5. Nc3 {[%emt 0:00:00]} e5 {[%emt 0:00:10]} 6. Ndb5 {[%emt 0:00:12]} d6 {[%emt 0:00:10]} 7. Bg5 {[%emt 0:02:54]} a6 {[%emt 0:00:10]} 8. Na3 {[%emt 0:00:37]} b5 {[%emt 0:00:11]} 9. Nd5 {[%emt 0:02:02]} Be7 {[%emt 0:00:08]} 10. Bxf6 {[%emt 0:00:09]} Bxf6 {[%emt 0:00:07]} 11. c3 {[%emt 0:00:08]} O-O {[%emt 0:00:14]} 12. Nc2 {[%emt 0:00:09]} Rb8 {[%emt 0:00:13]} 13. g3 {[%emt 0:05:44]} Bg5 {[%emt 0:14:51]} 14. h4 {[%emt 0:01:51]} Bh6 {[%emt 0:03:40]} 15. Bh3 {[%emt 0:06:45]} Be6 {[%emt 0:09:10]} 16. Bxe6 {[%emt 0:01:12]} fxe6 {[%emt 0:00:30]} 17. Nde3 {[%emt 0:00:36]} Bxe3 {[%emt 0:15:54]} 18. Nxe3 {[%emt 0:00:07]} b4 {[%emt 0:15:54]} 19. O-O {[%emt 0:04:35]} bxc3 {[%emt 0:02:19]} 20. bxc3 {[%emt 0:00:02]} Na5 {[%emt 0:00:37]} 21. Qd3 {[%emt 0:17:36]} Qb6 {[%emt 0:02:15]} 22. Rad1 {[%emt 0:04:52]} Rfd8 {[%emt 0:04:23]} 23. h5 {[%emt 0:08:08]} h6 {[%emt 0:02:38]} 24. Nc4 {[%emt 0:07:34]} Qb5 {[%emt 0:08:24]} 25. Nxa5 {[%emt 0:01:21]} Qxa5 {[%emt 0:02:15]} 26. Qc4 {[%emt 0:00:19]} d5 {[%emt 0:02:50]} 27. exd5 {[%emt 0:03:56]} exd5 {[%emt 0:00:58]} 28. Qe2 {[%emt 0:01:13]} d4 {[%emt 0:04:38]} 29. cxd4 {[%emt 0:01:12]} exd4 {[%emt 0:00:36]} 30. Qc4+ {[%emt 0:00:30]} Kh8 {[%emt 0:00:54]} 31. Rfe1 {[%emt 0:03:13]} d3 {[%emt 0:04:54]} 32. Qf4 {[%emt 0:05:06]} Rf8 {[%emt 0:04:34]} 33. Qd2 {[%emt 0:07:22]} Qf5 {[%emt 0:00:37]} 34. Re3 {[%emt 0:00:25]} Rbd8 {[%emt 0:00:44]} 35. Kg2 {[%emt 0:01:04]} Rd6 {[%emt 0:01:20]} 36. f3 {[%emt 0:01:41]} Rfd8 {[%emt 0:00:57]} 37. g4 {[%emt 0:00:12]} Qd5 {[%emt 0:00:30]} 38. Kg3 {[%emt 0:02:12]} Qb5 {[%emt 0:00:38]} 39. Rde1 {[%emt 0:03:42]} Rd5 {[%emt 0:00:17]} 40. Re6 {[%emt 0:00:19]} R5d6 {[%emt 0:00:41]} 41. Re7 {[%emt 0:01:14]} R6d7 {[%emt 0:00:33]} 42. R7e6 {[%emt 0:07:30]} Rd6 {[%emt 0:00:06]} 43. Re7 {[%emt 0:00:44]} R6d7 {[%emt 0:00:00]} 44. Re8+ {[%emt 0:00:26]} Kh7 {[%emt 0:00:01]} 45. R8e5 {[%emt 0:01:39]} Rd5 {[%emt 0:00:23]} 46. Re7 {[%emt 0:00:57]} R5d7 {[%emt 0:01:13]} 47. R7e5 {[%emt 0:00:40]} Rd5 {[%emt 0:00:02]} 48. Re7 {[%emt 0:00:29]} R5d7 {[%emt 0:00:38]} 49. R7e5 {[%emt 0:01:06]} Qb8 {[%emt 0:01:28]} 50. Kh3 {[%emt 0:00:32]} Rf7 {[%emt 0:00:26]} 51. R5e3 {[%emt 0:00:23]} Qf4 {[%emt 0:00:30]} 52. Rd1 {[%emt 0:00:14]} Rd5 {[%emt 0:00:31]} 53. Rxd3 {[%emt 0:00:43]} Qxf3+ {[%emt 0:00:35]} 54. Rxf3 {[%emt 0:00:06]} Rxf3+ {[%emt 0:00:39]} 55. Kg2 {[%emt 0:00:38]} Rxd2+ {[%emt 0:00:02]} 56. Rxd2 {[%emt 0:00:06]} Ra3 {[%emt 0:00:04]} 57. Rf2 {[%emt 0:00:04]} Kg8 {[%emt 0:00:10]} 58. Kh2 {[%emt 0:00:04]} a5 {[%emt 0:00:13]} 59. Kg2 {[%emt 0:00:07]} g6 {[%emt 0:01:37]} 60. Kh2 {[%emt 0:02:33]} Kg7 {[%emt 0:00:02]} 61. Rc2 {[%emt 0:00:31]} gxh5 {[%emt 0:00:50]} 62. gxh5 {[%emt 0:00:01]} Kf6 {[%emt 0:00:19]} 63. Rg2 {[%emt 0:00:35]} Kf5 {[%emt 0:00:17]} 64. Kg1 {[%emt 0:01:00]} Rh3 {[%emt 0:00:40]} 65. Rb2 {[%emt 0:00:37]} Rxh5 {[%emt 0:00:24]} 66. Rb5+ {[%emt 0:00:00]} Kg4 {[%emt 0:00:06]} 67. a4 {[%emt 0:00:51]} Rf5 {[%emt 0:00:23]} 68. Rb6 {[%emt 0:00:30]} h5 {[%emt 0:00:06]} 69. Kg2 {[%emt 0:00:32]} Rf4 {[%emt 0:00:35]} 70. Rg6+ {[%emt 0:00:28]} Kf5 {[%emt 0:00:30]} 71. Rh6 {[%emt 0:00:23]} Kg5 {[%emt 0:00:08]} 72. Rh8 {[%emt 0:00:10]} Rxa4 {[%emt 0:00:21]} 73. Rf8 {[%emt 0:00:26]} Rf4 {[%emt 0:00:48]} 74. Ra8 {[%emt 0:00:35]} Rf5 {[%emt 0:01:13]} 75. Kg3 {[%emt 0:00:52]} Kf6 {[%emt 0:00:03]} 76. Re8 {[%emt 0:00:39]} Re5 {[%emt 0:00:57]} 77. Rh8 {[%emt 0:00:13]} Rf5 {[%emt 0:01:03]} 78. Re8 {[%emt 0:00:28]} Kf7 {[%emt 0:00:04]} 79. Re4 {[%emt 0:00:48]} Kg6 {[%emt 0:01:34]} 80. Re6+ {[%emt 0:00:09]} Rf6 {[%emt 0:00:13]} 81. Re4 {[%emt 0:00:48]} Kg5 {[%emt 0:00:49]} 82. Re5+ {[%emt 0:00:12]} Rf5 {[%emt 0:00:02]} 83. Re6 {[%emt 0:00:18]} Rb5 {[%emt 0:00:48]} 84. Ra6 {[%emt 0:00:47]} Kf5 {[%emt 0:00:13]} 85. Kf3 {[%emt 0:00:43]} Ke5 {[%emt 0:00:03]} 86. Ke3 {[%emt 0:00:06]} Kf5 {[%emt 0:00:21]} 87. Kf3 {[%emt 0:00:05]} Rc5 {[%emt 0:00:09]} 88. Rh6 {[%emt 0:00:40]} Rc3+ {[%emt 0:00:25]} 89. Kg2 {[%emt 0:00:20]} Kg4 {[%emt 0:00:15]} 90. Rg6+ {[%emt 0:00:19]} Kf4 {[%emt 0:01:02]} 91. Ra6 {[%emt 0:01:00]} Rc2+ {[%emt 0:00:53]} 92. Kg1 {[%emt 0:00:36]} Rc5 {[%emt 0:00:53]} 93. Kf2 {[%emt 0:00:14]} Ke4 {[%emt 0:00:02]} 94. Ke2 {[%emt 0:00:06]} Kd4 {[%emt 0:00:15]} 95. Kd2 {[%emt 0:01:23]} Kc4 {[%emt 0:00:07]} 96. Rb6 {[%emt 0:00:10]} Rb5 {[%emt 0:00:48]} 97. Rc6+ {[%emt 0:00:26]} Kb3 {[%emt 0:00:58]} 98. Rc3+ {[%emt 0:01:11]} Kb4 {[%emt 0:00:15]} 99. Rf3 {[%emt 0:00:27]} Rc5 {[%emt 0:00:17]} 100. Rf4+ {[%emt 0:00:08]} Kb3 {[%emt 0:00:10]} 101. Rf3+ {[%emt 0:00:14]} Kb2 {[%emt 0:00:03]} 102. Rf4 {[%emt 0:00:08]} Rd5+ {[%emt 0:00:10]} 103. Ke2 {[%emt 0:00:15]} Kb3 {[%emt 0:00:29]} 104. Rf3+ {[%emt 0:00:08]} Kb4 {[%emt 0:00:11]} 105. Rf4+ {[%emt 0:00:23]} Kb5 {[%emt 0:00:10]} 106. Rf8 {[%emt 0:00:32]} a4 {[%emt 0:00:14]} 107. Kf2 {[%emt 0:01:28]} a3 {[%emt 0:00:39]} 108. Ra8 {[%emt 0:01:10]} Kb4 {[%emt 0:00:05]} 109. Rb8+ {[%emt 0:00:35]} Ka4 {[%emt 0:00:06]} 110. Ra8+ {[%emt 0:00:25]} Ra5 {[%emt 0:00:06]} 111. Re8 {[%emt 0:00:22]} a2 {[%emt 0:00:06]} 112. Re1 {[%emt 0:00:12]} Kb3 {[%emt 0:00:05]} 0-1

[Event "9th RTU Open 2019"]
[Site "Riga"]
[Date "2019.08.11"]
[Round "9.31"]
[White "Lazavik, Denis"]
[Black "Kiik, Kalle"]
[Result "1/2-1/2"]
[WhiteElo "2339"]
[BlackElo "2420"]
[Annotator "NA"]
[PlyCount "47"]
[EventDate "2019.08.05"]
[EventType "swiss"]
[EventCountry "LAT"]
[SourceTitle "playchess.com"]
[Source "ChessBase"]
[SourceQuality "1"]
[TimeControl "5400+30"]

1. d4 {[%emt 0:00:00]} e6 {[%emt 0:00:22]} 2. c4 {[%emt 0:00:08]} Bb4+ {[%emt 0:00:08]} 3. Bd2 {[%emt 0:00:30]} a5 {[%emt 0:00:08]} 4. Nf3 {[%emt 0:05:43]} f5 {[%emt 0:06:51]} 5. g3 {[%emt 0:00:52]} Nf6 {[%emt 0:00:07]} 6. Bg2 {[%emt 0:00:10]} O-O {[%emt 0:03:07]} 7. O-O {[%emt 0:00:09]} d5 {[%emt 0:01:08]} 8. Bg5 {[%emt 0:06:39]} Be7 {[%emt 0:01:01]} 9. Ne5 {[%emt 0:03:13]} c6 {[%emt 0:00:22]} 10. Qc2 {[%emt 0:02:04]} Nbd7 {[%emt 0:07:30]} 11. Nd3 {[%emt 0:06:16]} Ne4 {[%emt 0:03:22]} 12. Bxe7 {[%emt 0:00:20]} Qxe7 {[%emt 0:00:05]} 13. Rc1 {[%emt 0:01:53]} Ndf6 {[%emt 0:05:33]} 14. Nd2 {[%emt 0:04:21]} Bd7 {[%emt 0:02:43]} 15. Nf3 {[%emt 0:02:28]} Be8 {[%emt 0:04:55]} 16. e3 {[%emt 0:00:39]} Bh5 {[%emt 0:03:06]} 17. Nfe5 {[%emt 0:00:15]} Nd7 {[%emt 0:06:10]} 18. Nxd7 {[%emt 0:01:03]} Qxd7 {[%emt 0:00:06]} 19. Rab1 {[%emt 0:00:17]} Qe7 {[%emt 0:00:52]} 20. c5 {[%emt 0:00:20]} Ra7 {[%emt 0:01:21]} 21. b3 {[%emt 0:03:10]} Ng5 {[%emt 0:02:01]} 22. Ne5 {[%emt 0:00:37]} Nf7 {[%emt 0:01:08]} 23. Nxf7 {[%emt 0:00:37]} Bxf7 {[%emt 0:00:17]} 24. f4 {[%emt 0:00:05]} 1/2-1/2